000 01147cam a22003135a 4500
001 L158636
008 081030s2013 xxk f v 000 0 eng d
020 _a9781842190190
035 _a(Sirsi) u158636
041 0 _aeng
050 0 4 _a692.5 $2 18
110 2 _aRoyal Institution of Chartered Surveyors
_94900
245 0 0 _aConstruction sectors and roles for chartered quantity surveyors
_h[electronic resource]
260 _aLondon
_bRICS
_c2013
300 _a28 p.
490 0 _aRICS Information Paper
_v(IP 36/2013)
490 0 _aRICS Black Book
520 _aSummarises what is meant by the construction sectors before going on to review the various roles for the chartered quantity surveyor within the UK construction industry.
521 _aAdvanced
590 _aKA
650 2 4 _aSUPPLY CHAIN
650 2 4 _aSUBCONTRACTORS
650 2 4 _aBLACK BOOK
650 2 4 _aRICS QS AND CONSTRUCTION STANDARDS
651 4 _aUnited Kingdom
690 _aQuantity surveying
_96263
856 4 1 _uhttps://www.rics.org/uk/products/knowledge-and-information-services/
_zitem under review please email [email protected]
942 _n0
_2ddc
999 _c115427
_d115427